Normal view
MARC view
- During, Evert D D.
Entry Personal Name
001 - CONTROL NUMBER
- control field: 1595
003 - CONTROL NUMBER IDENTIFIER
- control field: OSt
005 - DATE AND TIME OF LATEST TRANSACTION
- control field: 20161001124954.0
008 - FIXED-LENGTH DATA ELEMENTS
- fixed length control field: 161001|| aca||aabn | a|a d
040 ## - CATALOGING SOURCE
- Original cataloging agency: OSt
- Transcribing agency: OSt
100 ## - HEADING--PERSONAL NAME
- Personal name: During, Evert D D.
670 ## - SOURCE DATA FOUND
- Source citation: Work cat.: (OSt)8515: During, Evert D D., Corrosion Atlas: A Collection of Illustrated Case Histories / , 1997.
